000 01053nam a22002897a 4500
005 20110426144019.0
008 110426t xxu||||| |||| 00| 0 eng d
010 _aENG-102312
020 _a9788182831032
_c295.00
035 _aEN-85845
037 _bDBAD/PUB
040 _adpl
_bEng
082 _a514.2
100 _927456
_aSharma, J. N.
245 _aKrishna's topology :
_cby J. N. Chauhan [and] J. P. Chauhan
_bgeneral and algebric for Honours & post-graduate students of all Indian universities /
250 _a39th rev. & enl. ed
260 _aMeerut
_bKrishna Prakashan Media
_c2011
270 _a11, Shivaji Road
_bMeerut
_e250001
_minfo@krishnaprakashan.com
300 _axxxiii, 620 p.
_c24cm (pbk)
610 _927464
650 _927465
651 _927466
700 _927451
_aChauhan, J. P.
710 _927453
942 _2ddc
_cEN
_h514.2
_mSHA
999 _c51906
_d51906